| 000 | 00347nam a2200145Ia 4500 | ||
|---|---|---|---|
| 008 | 230711s9999||||xx |||||||||||||| ||und|| | ||
| 041 | _aENG | ||
| 082 |
_a621 _bHI-E |
||
| 100 | _aHayt,William H | ||
| 245 | 0 | _aEngineering electromagnetics | |
| 250 | _a1st Ed. | ||
| 260 |
_c1993 _aNew Delhi _bPradeep publishers |
||
| 650 | _aPhysics | ||
| 942 | _cBK | ||
| 999 |
_c3029 _d3029 |
||